000 00607nam a2200205Ia 4500
003 BUBTL
008 151213s9999 xx 000 0 und d
020 _a0-13-547100-1
082 _a658.049/KEM
100 _aCharles R. & Kennedy Jr.
_93611
245 _aManaging The International Business
_cCharles R. & Kennedy Jr.
260 _aNew Jersey
_bPrentice Hall
_c1991
300 _a127p . :
_bill . ; 23cm.
650 _aManagement
_93612
650 _aManagement
_93612
700 _aCharles R. & Kennedy Jr.
_93611
856 _k0
_l0
_yDownload
942 _2ddc
_cBK
999 _c2107
_d2107